Los cristianos en el mundo rural / (Record no. 146597)

MARC details
000 -LEADER
campo de control de longitud fija 00879nam a2200265 i 4500
001 - NÚMERO DE CONTROL
campo de control 146597
003 - IDENTIFICADOR DE NÚMERO DE CONTROL
campo de control ES-MaACL
005 - FECHA Y HORA DE LA ÚLTIMA TRANSACCIÓN
campo de control 20260215175251.0
007 - CAMPO FIJO DE DESCRIPCIÓN FÍSICA--INFORMACIÓN GENERAL
campo de control de longitud fija t|
008 - DATOS DE LONGITUD FIJA--INFORMACIÓN GENERAL
campo de control de longitud fija 070912s1968 sp ||||1| spa d
080 ## - NÚMERO DE LA CLASIFICACIÓN DECIMAL UNIVERSAL
Número de la Clasificación Decimal Universal 201.188.1:63
080 ## - NÚMERO DE LA CLASIFICACIÓN DECIMAL UNIVERSAL
Número de la Clasificación Decimal Universal 266.5
100 1# - ENTRADA PRINCIPAL--NOMBRE DE PERSONA
Nombre de persona Toulat, Pierre.
9 (RLIN) 111124
245 14 - MENCIÓN DEL TÍTULO
Título Los cristianos en el mundo rural /
Mención de responsabilidad, etc. Pierre Toulat, Ange Bougeard, Joseph Templier ; [traductor: Alberto Tomás].
250 ## - MENCION DE EDICION
Mención de edición [1ª ed.].
260 ## - PUBLICACIÓN, DISTRIBUCIÓN, ETC.
Lugar de publicación, distribución, etc. Barcelona :
Nombre del editor, distribuidor, etc. Instituto Católico de Estudios Sociales,
Fecha de publicación, distribución, etc. [1968]
300 ## - DESCRIPCIÓN FÍSICA
Extensión 493 p. ;
Dimensiones 20 cm.
650 ## - PUNTO DE ACCESO ADICIONAL DE MATERIA--TÉRMINO DE MATERIA
Término de materia o nombre geográfico como elemento de entrada Sociología rural.
9 (RLIN) 17216
700 1# - ENTRADA AGREGADA--NOMBRE PERSONAL
Nombre de persona Bougeard, Ange.
9 (RLIN) 30874
700 1# - ENTRADA AGREGADA--NOMBRE PERSONAL
Nombre de persona Templier, Joseph.
9 (RLIN) 109675
700 0# - ENTRADA AGREGADA--NOMBRE PERSONAL
Nombre de persona Tomas, Alberto,
Títulos y otros términos asociados al nombre (O.S.B.)
9 (RLIN) 110496
710 2# - ENTRADA AGREGADA--NOMBRE DE ENTIDAD CORPORATIVA
Nombre de entidad corporativa o nombre de jurisdicción como elemento de entrada Institut Catòlic d'Estudis Socials de Barcelona.
9 (RLIN) 4738
852 ## - LOCALIZACIÓN
Ubicación ES-MaACL
Número de control de estantería C-51013
Sublocalización o colección R.65756
Holdings
Estatus retirado Estado de pérdida Estado de daño No para préstamo Biblioteca de origen Biblioteca actual Ubicación en estantería Fecha de adquisición Fuente de adquisición Total de préstamos Signatura topográfica completa Código de barras Visto por última vez Precio de reemplazo Tipo de ítem Koha
        Biblioteca del Ateneo de Madrid Biblioteca del Ateneo de Madrid Depósito 2 17/01/2008     C-51013 1153004 23/02/2023 23/02/2023 Libro impreso